[Event "Ch Paris (open)"]
[Site "masterchessopen.com Paris (France)"]
[Round "3"]
[White "Murey Jacob (ISR)"]
[Black "Pugachov Alexey (RUS)"]
[Result "0-1"]
[WhiteElo "2460"]
[BlackElo "2485"]

1.c4 g6 2.d4 Nf6 3.Nc3 Bg7 4.e4 d6 5.f3 O-O 6.Be3 e5 7.Nge2 c6 8.Qd2 Nbd7 9.d5
cxd5 10.cxd5 a6 11.g4 h5 12.g5 Nh7 13.Rg1 b5 14.Ng3 Nb6 15.b3 Bd7 16.O-O-O b4
17.Nce2 a5 18.Kb1 h4 19.Nh1 a4 20.Rc1 axb3 21.axb3 Qb8 22.Rc2 Ra3 23.Nc1 Na8
24.Nf2 Nc7 25.Nd1 Qb7 26.Ra2 Rfa8 27.Rxa3 bxa3 28.Ka2 Bb5 29.Nc3 Bxf1 30.Rxf1
Bf8 31.Nd3 Be7 32.f4 exf4 33.Bxf4 Nb5 34.Nxb5 Qxb5 35.Rf3 Rc8 36.Qb4 Qa6
37.Qa4 Qb6 38.Be3 Qc7 39.Rf2 Nxg5 40.Bxg5 Bxg5 41.Nb4 Qc1 42.Nc6 Bd2 43.Qd4
Qc2+ 44.Kxa3 Ra8+ 45.Na7 Qc1+ {#R} 0-1

[Event "Ch Iceland (team) 1996/97"]
[Site "masterchessopen.com Reykjavik (Iceland)"]
[Round "0"]
[White "Olafsson Helgi (ISL)"]
[Black "Thorsteinsson Bjorn (ISL)"]
[Result "1-0"]
[WhiteElo "2270"]
[BlackElo "2214"]

1.d4 Nf6 2.c4 g6 3.Nc3 Bg7 4.e4 d6 5.f3 O-O 6.Be3 e5 7.Nge2 c6 8.Qd2 Nbd7 9.d5
cxd5 10.cxd5 a6 11.g4 b5 12.Ng3 Nb6 13.b3 Bb7 14.Be2 b4 15.Nd1 Nfxd5 16.exd5
Nxd5 17.Bg5 Qb6 18.Ne4 Kh8 19.Ne3 f5 20.gxf5 gxf5 21.Nxd5 Bxd5 22.Qxd5 fxe4
23.O-O-O exf3 24.Bd3 Ra7 25.Kb1 Rd7 26.Rhf1 Qb5 27.Be4 Qxd5 28.Bxd5 f2 29.Be3
Rc7 30.Bc4 Rc6 31.Bxf2 Bh6 32.Bh4 Rf4 33.Rxf4 exf4 34.Bf6+ {#r} 1-0

[Event "Match (active)"]
[Site "masterchessopen.com Athens (Greece)"]
[Round "2"]
[White "Karpov Anatoly (RUS)"]
[Black "Kotronias Vasilios (GRE)"]
[Result "1-0"]
[WhiteElo "2745"]
[BlackElo "2585"]

1.d4 Nf6 2.c4 g6 3.Nc3 Bg7 4.e4 d6 5.f3 O-O 6.Be3 e5 7.Nge2 c6 8.Qd2 Nbd7 9.d5
cxd5 10.cxd5 a6 11.g4 h5 12.g5 Nh7 13.Rg1 f6 14.gxf6 Rxf6 15.O-O-O Qe8 16.Bg2
b5 17.Kb1 Rb8 18.Rc1 Nb6 19.b3 Bd7 20.Nd1 Kh8 21.Qa5 Nc8 22.Nb2 g5 23.Nd3 Ne7
24.Nb4 Ng6 25.Nxa6 Rc8 26.Rxc8 Bxc8 27.Nc7 Qe7 28.Nxb5 Nh4 29.Qa8 Rf8 30.Qc6
g4 31.fxg4 Bxg4 32.Nec3 Nxg2 33.Rxg2 Qh4 34.Bc1 Qh3 35.Rc2 {#r} 1-0

[Event "It (open)"]
[Site "masterchessopen.com Calcutta (India)"]
[Round "2"]
[White "Bischoff Klaus (GER)"]
[Black "Sasikiran Krishnan (IND)"]
[Result "1-0"]
[WhiteElo "2535"]
[BlackElo "2430"]

1.c4 g6 2.Nc3 Bg7 3.d4 Nf6 4.e4 d6 5.f3 O-O 6.Be3 e5 7.Nge2 c6 8.Qd2 Nbd7 9.d5
cxd5 10.cxd5 a6 11.g3 b5 12.Bg2 Nh5 13.Nc1 b4 14.N3e2 f5 15.Nd3 fxe4 16.fxe4
a5 17.Rc1 Ba6 18.Nf2 Rc8 19.O-O Rxc1 20.Rxc1 Bxe2 21.Qxe2 Nf4 22.Qd1 Qg5
23.Qd2 Bh6 24.Re1 Qh5 25.Bf1 g5 26.Qd1 Qg6 27.Kh1 Nh5 28.Qg4 Ndf6 29.Qe6+ Kh8
30.Qxd6 g4 31.Bxh6 Qxh6 32.Kg1 Re8 33.Bb5 Qd2 34.Re2 Qc1+ 35.Kg2 Rg8 36.Qxe5
Qc5 37.Bd3 Re8 38.Qf5 Qd4 39.e5 Qxd5+ 40.Kg1 Re6 41.Nxg4 Qd4+ 42.Nf2 Ng7
43.exf6 Nxf5 44.Rxe6 Nd6 45.Re8+ Nxe8 46.f7 {#r} 1-0

[Event "Match \"]
[Site "masterchessopen.com Defi (Canada)"]
[Round "3"]
[White "Gravel Simon (CAN)"]
[Black "Hebert Jean (CAN)"]
[Result "0-1"]
[WhiteElo "2265"]
[BlackElo "2465"]

1.d4 Nf6 2.c4 g6 3.Nc3 Bg7 4.e4 d6 5.f3 O-O 6.Be3 e5 7.Nge2 c6 8.Qd2 Nbd7 9.d5
cxd5 10.cxd5 a6 11.g4 h5 12.h3 b5 13.Bg5 Qa5 14.Ng3 h4 15.Bxh4 Nc5 16.Rc1 Bd7
17.Bg5 Rfc8 18.h4 b4 19.Nd1 Qxa2 20.h5 Qb3 21.Be3 Bb5 22.Bxb5 axb5 23.Bxc5
Rxc5 24.Rxc5 Qxf3 25.Rc7 Nxe4 26.Qe3 Qxg3+ 27.Qxg3 Nxg3 28.Rh3 Ne4 29.Rf3 Nf6
30.Ne3 e4 31.Rf2 Ra1+ 32.Kd2 Rb1 33.Kc2 Rxb2+ 34.Kxb2 Nxd5+ 35.Kb3 Nxc7
36.hxg6 fxg6 37.Rd2 Bh6 38.Rxd6 Bxe3 39.Rd8+ Kf7 40.Rd7+ Kf6 41.Rxc7 Bd2
42.Rc6+ Kg5 43.Re6 e3 44.Kc2 Kf4 45.Rxg6 b3+ 46.Kd1 b2 47.Rf6+ Kxg4 48.Kc2 e2
49.Rg6+ Kf5 {#R} 0-1

[Event "It (open)"]
[Site "masterchessopen.com Espoo (Finland)"]
[Round "5"]
[White "Aaltio Erkki (FIN)"]
[Black "Rautanen Sari (FIN)"]
[Result "1-0"]
[WhiteElo "2133"]
[BlackElo "1991"]

1.d4 Nf6 2.c4 g6 3.Nc3 Bg7 4.e4 d6 5.f3 O-O 6.Be3 e5 7.Nge2 c6 8.Qd2 Nbd7 9.d5
cxd5 10.cxd5 a6 11.g4 Ne8 12.Ng3 Nc5 13.b4 Nd7 14.h4 Ndf6 15.h5 Bxg4 16.fxg4
Nxg4 17.hxg6 fxg6 18.Be2 Qd7 19.O-O-O Nef6 20.Kb2 b5 21.Rc1 Rfb8 22.Nd1 a5
23.bxa5 b4 24.Bb6 Qa4 25.Kb1 b3 26.Nc3 bxa2+ 27.Ka1 Qa3 28.Rc2 Rc8 29.Bxg4
Nxg4 30.Nge2 Qb4 31.Rxa2 Qc4 32.Ra4 Qa6 33.Qb2 Rab8 34.Qb5 Qb7 35.Rb1 Qf7
36.Rc4 Qf3 37.a6 Ne3 38.Rxc8+ Rxc8 39.a7 Nc2+ 40.Kb2 Bh6 41.Qa6 {#r} 1-0

[Event "Bundesliga 1996/97"]
[Site "masterchessopen.com Germany"]
[Round "14"]
[White "Schulte Torsten (GER)"]
[Black "Vogt Lothar (GER)"]
[Result "0-1"]
[WhiteElo "2164"]
[BlackElo "2515"]

1.d4 Nf6 2.c4 g6 3.Nc3 Bg7 4.e4 d6 5.f3 O-O 6.Be3 e5 7.Nge2 c6 8.Qd2 Nbd7 9.d5
cxd5 10.cxd5 a6 11.g3 b5 12.Bg2 Nb6 13.b3 Nfd7 14.O-O Nc5 15.Nc1 f5 16.Nd3
Nxd3 17.Qxd3 f4 18.Bf2 fxg3 19.hxg3 Bh6 20.Be3 Bxe3+ 21.Qxe3 b4 22.Nd1 Nd7
23.Bh3 Nf6 24.Bxc8 Rxc8 25.Rc1 Rxc1 26.Qxc1 Qd7 27.Kg2 Rc8 28.Qd2 Qb5 29.Ne3
Rc3 30.Nc4 Qc5 31.Rc1 Rxc1 32.Qxc1 Kg7 33.Qe3 Nd7 34.Qxc5 dxc5 35.f4 Kf6
36.Kf3 h5 37.Ke3 g5 38.Kf3 gxf4 39.gxf4 h4 40.Kg4 h3 41.Kxh3 exf4 42.Kg4 Ne5+
43.Nxe5 Kxe5 44.d6 Kxd6 45.Kxf4 a5 46.Ke3 c4 47.bxc4 a4 48.Kd3 Kc5 49.e5 Kc6
50.Kd4 a3 51.e6 b3 {#R} 0-1

[Event "It (open)"]
[Site "masterchessopen.com Greenhills (Philippines)"]
[Round "4"]
[White "Toledo Rodolfo (PHI)"]
[Black "Diaz Rodolfo (CHI)"]
[Result "1-0"]
[WhiteElo "2270"]
[BlackElo "2025"]

1.d4 Nf6 2.c4 g6 3.Nc3 Bg7 4.e4 d6 5.f3 O-O 6.Be3 e5 7.Nge2 c6 8.Qd2 Nbd7 9.d5
cxd5 10.cxd5 a6 11.Nc1 Nh5 12.Nd3 f5 13.O-O-O Ndf6 14.Kb1 Bd7 15.Be2 Rc8
16.Rc1 Kh8 17.Ka1 fxe4 18.Nxe4 Nxd5 19.Nxd6 Rxc1+ 20.Rxc1 Bc6 21.Bc5 Qd7
22.Rd1 b6 23.Ba3 Nhf4 24.Bf1 Rd8 25.Nxf4 Bh6 26.Nxg6+ Kg7 27.Nxe5 Qxd6 28.Qd4
Ne3 29.Qxd6 {#r} 1-0

[Event "Ch Rheinland (a)"]
[Site "masterchessopen.com Heimbach Weis (Germany)"]
[Round "5"]
[White "Stewart Neil (GER)"]
[Black "Wagner Hans (GER)"]
[Result "1-0"]
[WhiteElo "2295"]
[BlackElo "2050"]

1.c4 Nf6 2.Nc3 g6 3.e4 d6 4.d4 Bg7 5.f3 O-O 6.Be3 e5 7.Nge2 c6 8.Qd2 Nbd7 9.d5
cxd5 10.cxd5 Ne8 11.g4 f5 12.gxf5 gxf5 13.Bg5 Ndf6 14.exf5 Bxf5 15.Ng3 Bg6
16.h4 h6 17.h5 Bh7 18.Bxh6 Rf7 19.Bh3 Nxh5 20.Bg5 Bf6 21.Bxf6 Qxf6 22.Nxh5
Qxf3 23.Qg2+ Kf8 24.Qxf3 Rxf3 25.Rf1 {#r} 1-0

[Event "It (open) \"]
[Site "masterchessopen.com Jyvaskyla (Finland)"]
[Round "1"]
[White "Ehlvest Jaan (USA)"]
[Black "Kinnunen Kari (FIN)"]
[Result "1-0"]
[WhiteElo "2610"]
[BlackElo "2187"]

1.d4 Nf6 2.c4 g6 3.Nc3 Bg7 4.e4 d6 5.f3 O-O 6.Be3 e5 7.Nge2 c6 8.Qd2 Nbd7 9.d5
cxd5 10.cxd5 a6 11.g4 h5 12.h3 b5 13.Rg1 Nb6 14.b3 b4 15.Nd1 a5 16.Bg5 hxg4
17.hxg4 Qd7 18.Ng3 Nh7 19.Be3 Rb8 20.Rh1 f6 21.Qh2 Bh8 22.Rc1 Rf7 23.Nb2 Na8
24.Qh6 Rg7 25.g5 Qd8 26.Bh3 Bxh3 27.Qxh3 Qd7 28.Rc6 fxg5 29.Nc4 Rf8 30.Ke2 g4
31.Qxg4 Qxg4 32.fxg4 Rgf7 33.Rxd6 Rf3 34.Rxg6+ Bg7 35.Nf5 {#r} 1-0

[Event "It (open)"]
[Site "masterchessopen.com Nova Gorica (Slovenia)"]
[Round "8"]
[White "Zaja Ivan (CRO)"]
[Black "Cvitan Ognjen (CRO)"]
[Result "0-1"]
[WhiteElo "2440"]
[BlackElo "2570"]

1.d4 Nf6 2.c4 g6 3.Nc3 Bg7 4.e4 d6 5.f3 O-O 6.Be3 e5 7.Nge2 c6 8.Qd2 Nbd7 9.d5
cxd5 10.cxd5 a6 11.g4 h5 12.h3 Nh7 13.Rg1 h4 14.Nc1 f6 15.Qf2 Ng5 16.Nd3 Rf7
17.O-O-O Bf8 18.Kb1 Rh7 19.Rc1 Bh6 20.Bg2 Nf7 21.f4 exf4 22.Nxf4 Bxf4 23.Qxf4
Nfe5 24.Rgd1 g5 25.Qf2 b6 26.Bf1 Rf7 27.b4 b5 28.Rd2 Rb8 29.Rdc2 Nc4 30.Bxc4
bxc4 31.Rb2 Ne5 32.Rd1 Nd3 33.Rxd3 cxd3 34.Qd2 Rfb7 35.a3 Bd7 36.Qxd3 Bb5
37.Nxb5 axb5 38.Bd4 Rf7 39.Rf2 Qe7 40.Kb2 Rc8 41.Re2 Qc7 42.Rc2 Qxc2+ 43.Qxc2
Rxc2+ 44.Kxc2 Rc7+ 45.Bc3 Rc4 46.Kd3 f5 47.exf5 Rxg4 48.a4 Rg3+ 49.Kc2 g4
50.axb5 gxh3 51.b6 Kf7 {#R} 0-1

[Event "It (open)"]
[Site "masterchessopen.com Quebec (Canada)"]
[Round "4"]
[White "Murey Jacob (ISR)"]
[Black "Levtchouk George (CAN)"]
[Result "1-0"]
[WhiteElo "2440"]
[BlackElo "2335"]

1.d4 g6 2.c4 Bg7 3.Nc3 d6 4.e4 Nf6 5.f3 O-O 6.Be3 e5 7.Nge2 c6 8.Qd2 Nbd7 9.d5
cxd5 10.cxd5 a6 11.g4 h5 12.h3 b5 13.a3 Nc5 14.Nc1 Nh7 15.b4 Na4 16.Nxa4 bxa4
17.Na2 f5 18.gxf5 gxf5 19.O-O-O Kh8 20.Nc3 Bd7 21.Bd3 f4 22.Bf2 Bf6 23.h4 Rg8
24.Kb1 Rg2 25.Qe1 Rg7 26.Qf1 Qc8 27.Rc1 Qb7 28.Rg1 Rxg1 29.Qxg1 Rg8 30.Qf1 Ra8
31.Qd1 Bd8 32.Kb2 Bb6 33.Bxb6 Qxb6 34.Qg1 Qd8 35.Qg6 Be8 36.Qe6 Qb6 37.Ne2 Bb5
38.Bxb5 axb5 39.Rc2 Rf8 40.Nc3 Rg8 41.Qd7 Qd4 42.Qxb5 Rc8 43.Qa6 Rxc3 44.Rxc3
Qd2+ 45.Rc2 {#r} 1-0

[Event "Ch Spain"]
[Site "masterchessopen.com Torrevieja (Spain)"]
[Round "1"]
[White "Estremera Panos Sergio (ESP)"]
[Black "Ruiz Juan (CHI)"]
[Result "1-0"]
[WhiteElo "2430"]
[BlackElo "2004"]

1.d4 Nf6 2.c4 g6 3.Nc3 Bg7 4.e4 d6 5.f3 O-O 6.Be3 e5 7.Nge2 c6 8.Qd2 Nbd7 9.d5
cxd5 10.cxd5 a6 11.g4 Ne8 12.Ng3 b5 13.h4 Nb6 14.h5 f5 15.hxg6 hxg6 16.gxf5
gxf5 17.exf5 Nc4 18.Bxc4 bxc4 19.Qh2 Nf6 20.O-O-O Qa5 21.Rdg1 Rb8 22.Nge4 Rb7
23.Qh8+ {#r} 1-0

[Event "Ch Hessen"]
[Site "masterchessopen.com Bad Wildungen (Germany)"]
[Round "2"]
[White "Wornath Kai Rudolf (GER)"]
[Black "Heck Norbert (GER)"]
[Result "1-0"]
[WhiteElo "2340"]
[BlackElo "2320"]

1.d4 Nf6 2.c4 g6 3.Nc3 Bg7 4.e4 d6 5.f3 O-O 6.Be3 e5 7.Nge2 c6 8.Qd2 Nbd7 9.d5
cxd5 10.cxd5 a6 11.g4 b5 12.Ng3 Nc5 13.b4 Na4 14.Nxa4 bxa4 15.Rc1 Bd7 16.Bd3
Qb8 17.O-O Rc8 18.Rxc8+ Qxc8 19.Rc1 Qb7 20.Ne2 Ne8 21.a3 Nc7 22.Nc3 Bf6 23.Bc2
Nb5 24.Bxa4 Bd8 25.Bxb5 axb5 26.Nb1 f5 27.gxf5 gxf5 28.Kh1 Kh8 29.Rg1 Bf6
30.Bg5 Rf8 31.Bxf6+ Rxf6 32.Qg5 Rg6 33.Qd8+ Kg7 34.Qe7+ Kh6 35.Rxg6+ hxg6
36.Qxd6 fxe4 37.fxe4 Bg4 38.Qf8+ Kg5 39.h4+ Kxh4 40.Qh8+ Bh5 41.Qf6+ Kh3
42.Nd2 Qa7 43.Qf1+ Kh4 44.Kg2 Qxa3 45.Qf2+ Kg4 46.Nf3 Kf4 47.Qg3+ {#r} 1-0

[Event "It (open) (b)"]
[Site "masterchessopen.com Bled (Slovenia)"]
[Round "5"]
[White "Kastelic Marian (SLO)"]
[Black "Krstic Uros (CRO)"]
[Result "1-0"]
[WhiteElo "2325"]
[BlackElo "2380"]

1.d4 Nf6 2.c4 g6 3.Nc3 Bg7 4.e4 d6 5.f3 O-O 6.Be3 e5 7.Nge2 c6 8.Qd2 Nbd7 9.d5
cxd5 10.cxd5 Ne8 11.g4 a5 12.Ng3 Nc5 13.O-O-O Bd7 14.Kb1 a4 15.h4 b5 16.Bxb5
Rb8 17.Bxc5 dxc5 18.Bxa4 Nd6 19.Bb3 Rb4 20.Rc1 Qb6 21.Nf1 Rb8 22.Rh2 Qa5
23.Ne3 Rd4 24.Qe2 Rdb4 25.Nc2 R4b6 26.Na3 Bf8 27.Nd1 Bb5 28.Qd2 Qa6 29.Ne3
Bd3+ 30.Ka1 Rxb3 31.axb3 Rxb3 32.Rc3 Rxc3 33.Qxc3 c4 34.Qc1 Nb5 35.Nxc4 Nd4
36.Qc3 Bxc4 37.Qxc4 Qa7 38.Qd3 Qa4 39.Ka2 {#r} 1-0

[Event "It (cat.7)"]
[Site "masterchessopen.com Clichy (France)"]
[Round "3"]
[White "Murey Jacob (ISR)"]
[Black "Relange Eloi (FRA)"]
[Result "1-0"]
[WhiteElo "2460"]
[BlackElo "2490"]

1.d4 Nf6 2.c4 g6 3.Nc3 Bg7 4.e4 d6 5.f3 O-O 6.Be3 e5 7.Nge2 c6 8.Qd2 Nbd7 9.d5
cxd5 10.cxd5 a6 11.g4 h5 12.h3 b5 13.Nc1 Nb6 14.b3 b4 15.Nd1 a5 16.Nf2 Bb7
17.Bg5 Qe8 18.Bxf6 Bxf6 19.gxh5 Nxd5 20.hxg6 Nf4 21.Qxd6 fxg6 22.Bc4+ Kh8
23.h4 Rd8 24.Qb6 Qe7 25.Ncd3 Ng2+ 26.Ke2 Nf4+ 27.Nxf4 exf4 28.Rad1 Rb8 29.Qd6
Qxd6 30.Rxd6 Rbd8 31.Rb6 Bc8 32.Nd3 Kh7 33.Rb5 Ba6 34.Rxa5 Bxc4 35.bxc4 Bc3
36.h5 g5 37.Rg1 Rd4 38.Rgxg5 Rxc4 39.Ra7+ Kh8 40.Rc5 Rxc5 41.Nxc5 Rg8 42.Ne6
Be5 43.Ra5 Bc3 44.Kd3 {#r} 1-0

[Event "Zt"]
[Site "masterchessopen.com Gauteng (South Africa)"]
[Round "4"]
[White "Molale Ofentse (BOT)"]
[Black "Agnelio Amorin (ANG)"]
[Result "1-0"]
[WhiteElo "2180"]
[BlackElo "2181"]

1.d4 Nf6 2.c4 g6 3.Nc3 Bg7 4.e4 d6 5.f3 O-O 6.Be3 e5 7.Nge2 c6 8.Qd2 Nbd7 9.d5
cxd5 10.Nxd5 Nxd5 11.cxd5 f5 12.O-O-O Nf6 13.Nc3 f4 14.Bf2 a6 15.Kb1 b5 16.Bd3
Bd7 17.Ne2 a5 18.Rhg1 Qb8 19.Rc1 Ne8 20.g3 fxg3 21.Rxg3 Qd8 22.Be3 Nf6 23.Bg5
Qe8 24.Rgg1 Nh5 25.Qe3 Bf6 26.Bxf6 Rxf6 27.Ng3 Nf4 28.Rc7 Rc8 29.Ra7 a4 30.Bc2
Qd8 31.h4 Kh8 32.h5 Rc5 33.hxg6 hxg6 34.Ne2 Kg7 35.Ng3 Rf7 36.b4 axb3 37.Bxb3
Bh3 38.Ra6 Qc7 39.Qd2 Bc8 40.Rc6 Rxc6 41.dxc6 Rf6 42.Qc2 Qb6 43.Rh1 Rf8 44.Qh2
Nh3 45.Nf5+ Bxf5 46.exf5 Rh8 47.Qg3 Rh6 48.Rxh3 Rxh3 49.Qxg6+ {#r} 1-0

[Event "It (cat.9)"]
[Site "masterchessopen.com Lippstadt (Germany)"]
[Round "10"]
[White "Bischoff Klaus (GER)"]
[Black "McShane Luke J (ENG)"]
[Result "0-1"]
[WhiteElo "2550"]
[BlackElo "2470"]

1.c4 g6 2.d4 Nf6 3.Nc3 Bg7 4.e4 d6 5.f3 O-O 6.Be3 e5 7.Nge2 c6 8.Qd2 Nbd7 9.d5
cxd5 10.cxd5 a6 11.g3 b5 12.Bg2 Ne8 13.Nc1 f5 14.Nd3 Nb6 15.b3 f4 16.Bf2 Bd7
17.Rc1 fxg3 18.hxg3 a5 19.Ne2 Nf6 20.Be3 b4 21.Nf2 Nc8 22.Nh3 Qe7 23.Rc7 Qd8
24.Rb7 Ne7 25.Ng5 Ra6 26.Bh3 Bxh3 27.Rxh3 Re8 28.Ne6 Qa8 29.Rc7 Qb8 30.Qd3 Ra8
31.Kf2 Bh8 32.Qc4 Rc8 33.Rh1 Ne8 34.Rxe7 Rxc4 35.Rexh7 Bf6 36.bxc4 b3 37.axb3
Qxb3 38.Bg5 Ra7 39.R7h2 Bg7 40.Be3 Rb7 41.c5 Qd3 42.Re1 Rb3 43.Nc1 Rb2+ 44.Re2
Rxe2+ 45.Nxe2 dxc5 46.Nxc5 Qb5 47.Rh1 Bf8 48.Rc1 a4 49.Nxa4 Qxa4 50.Ng1 Nd6
51.Kg2 Qa3 52.Re1 Nc4 53.Bf2 Bb4 54.Re2 Qd3 {#R} 0-1

[Event "Ch Moscow (open)"]
[Site "masterchessopen.com Moscow (Russia)"]
[Round "8"]
[White "Dragomarezkij Evgeni (RUS)"]
[Black "Ulko Jaroslav (RUS)"]
[Result "1-0"]
[WhiteElo "2490"]
[BlackElo "2405"]

1.d4 Nf6 2.c4 g6 3.Nc3 Bg7 4.e4 d6 5.f3 O-O 6.Nge2 e5 7.Be3 c6 8.Qd2 Nbd7 9.d5
cxd5 10.cxd5 a6 11.Ng3 Ne8 12.Bd3 Nc5 13.Bc2 f5 14.exf5 gxf5 15.f4 exf4
16.Bxf4 Qb6 17.O-O-O Nf6 18.Bh6 Bxh6 19.Qxh6 Ng4 20.Qg5+ Kh8 21.Rhe1 Ne5
22.Nxf5 Bxf5 23.Bxf5 Rae8 24.Re2 Qb4 25.Kb1 Rf7 26.Qh5 Ref8 27.g4 Qf4 28.Ree1
b5 29.Rf1 Nf3 30.Ka1 b4 31.Ne2 Qe3 32.Qh3 Qxe2 33.Qxf3 Qxh2 34.Rde1 Qh4 35.Rh1
Re7 36.Rxe7 Qxe7 37.Qd1 Rf7 38.Qd4+ Qe5 39.Qxb4 Rb7 40.Qd2 Re7 41.Qh6 Nd7
42.Bxh7 Qf6 43.Qh3 Nf8 44.Bf5+ Kg8 45.a3 Qd4 46.Qd3 Qf4 47.Qxa6 Qf3 48.Rc1
Qxd5 49.Qc4 Qxc4 50.Rxc4 Kf7 51.a4 Re5 52.b4 d5 53.Rc6 d4 54.Rd6 Re3 55.Kb2 d3
{#r} 1-0

[Event "Memorial Dr. Rey Ardid"]
[Site "masterchessopen.com Zaragoza (Spain)"]
[Round "9"]
[White "Estremera Panos Sergio (ESP)"]
[Black "Movsziszian Karen (ARM)"]
[Result "1-0"]
[WhiteElo "2405"]
[BlackElo "2525"]

1.d4 g6 2.c4 Nf6 3.Nc3 Bg7 4.e4 d6 5.f3 O-O 6.Be3 e5 7.Nge2 c6 8.Qd2 Nbd7 9.d5
cxd5 10.cxd5 a6 11.g4 h5 12.g5 Nh7 13.Rg1 b5 14.Nc1 Nb6 15.b3 Bd7 16.Nd3 Nc8
17.Nb4 Ne7 18.O-O-O Qa5 19.Kb2 Qxb4 20.Bb6 Rfc8 21.Rc1 Nxd5 22.Qxd5 Be6 23.Qd3
Nf8 24.Bh3 Rc5 25.Qxd6 Rac8 26.Bxc5 Rxc5 27.Bxe6 Nxe6 28.a3 Qd4 29.Qxd4 exd4
30.Nd5 d3+ 31.Kb1 Rxc1+ 32.Kxc1 Nd4 33.Rg3 Nxb3+ 34.Kd1 a5 35.f4 Nc5 36.e5 a4
37.Nb4 Ne4 38.Rxd3 Nf2+ 39.Kc2 Nxd3 40.Kxd3 Bf8 {#r} 1-0

[Event "It (open) \"]
[Site "masterchessopen.com Kavala (Greece)"]
[Date "1998.08.13"]
[Round "3"]
[White "Belakovskaia Anjelina (USA)"]
[Black "Papadopoulou Triantafilia (GRE)"]
[Result "0-1"]
[WhiteElo "2380"]
[BlackElo "2190"]

1.d4 Nf6 2.c4 g6 3.Nc3 Bg7 4.e4 d6 5.f3 O-O 6.Be3 e5 7.Nge2 c6 8.Qd2 Nbd7 9.d5
cxd5 10.cxd5 a6 11.g4 h5 12.h3 Nh7 13.Rg1 h4 14.g5 f6 15.gxf6 Rxf6 16.Bg2 b5
17.Nd1 a5 18.Rc1 b4 19.Nf2 Nc5 20.Bxc5 dxc5 21.Nd3 Rf7 22.Bh1 g5 23.Bg2 g4
24.fxg4 Ng5 25.Rxc5 Bxg4 26.hxg4 h3 27.Bh1 h2 28.Rf1 Rxf1+ 29.Kxf1 Qf6+
30.Nef4 exf4 31.e5 Qh6 32.d6 Qh3+ 33.Ke1 Nf3+ 34.Bxf3 Qxf3 35.Qxh2 Qxd3
36.Qxf4 Rf8 37.Qc4+ Qxc4 38.Rxc4 Bxe5 39.d7 Rd8 40.Rc8 Bf6 41.Kd1 Kf7 42.Kc2
Rxd7 43.Rc5 Bd8 44.Kb3 Rd3+ 45.Ka4 Rd2 46.Kb3 Rg2 47.Rd5 Ke8 48.Re5+ Kd7
49.Rd5+ Kc8 50.Rc5+ Kb7 51.Rd5 Bb6 52.g5 Kc6 53.Rf5 Bd8 54.Rf8 Kd7 55.Rf7+ Be7
56.Rf5 Rxg5 57.Rxg5 Bxg5 58.Ka4 Bd8 59.Kb5 Kd6 60.Kc4 Kc6 61.Kb3 Kb5 62.Kc2 a4
63.Kc1 Kc4 64.Kc2 Bg5 65.Kb1 Kd3 66.a3 bxa3 67.bxa3 Kc4 68.Kb2 Bh4 69.Ka2 Kc3
{#R} 0-1

[Event "Ch NRW (juniors) (under 18)"]
[Site "masterchessopen.com Bergneustadt (Germany)"]
[Round "5"]
[White "Kopp Jan (GER)"]
[Black "Sauerwald Thomas (GER)"]
[Result "0-1"]
[WhiteElo "2105"]
[BlackElo "2060"]

1.d4 Nf6 2.c4 g6 3.Nc3 Bg7 4.e4 d6 5.f3 O-O 6.Be3 e5 7.Nge2 c6 8.Qd2 Nbd7 9.d5
cxd5 10.cxd5 a6 11.a4 Ne8 12.a5 f5 13.Na4 Nef6 14.exf5 gxf5 15.Nec3 Qxa5
16.Ra3 Qd8 17.Bd3 f4 18.Bf2 b5 19.Bxb5 axb5 20.Nxb5 Ne8 21.Na7 e4 22.fxe4 Ne5
23.Nb6 Rb8 24.Naxc8 Rxc8 25.Nxc8 Qxc8 26.Qc3 Qg4 27.Qh3 Qxh3 28.Rxh3 Nf6
29.O-O Nxe4 30.Re1 Nxf2 31.Kxf2 f3 32.Rb1 Ng4+ 33.Kf1 Ne3+ 34.Kf2 fxg2+ 35.Rf3
Rxf3+ 36.Kxf3 Bd4 37.b4 Kf7 38.Kf2 Kf6 39.Rc1 Ke5 40.Rc8 Kxd5 41.Rc7 h6 42.h3
Ke4 43.Rc6 Be5 44.b5 {#R} 0-1

[Event "Simultan"]
[Site "masterchessopen.com Besancon (France)"]
[Round "0"]
[White "Karpov Anatoly (RUS)"]
[Black "Bellaiche Anthony (FRA)"]
[Result "1-0"]
[WhiteElo "2700"]
[BlackElo "2099"]

1.d4 Nf6 2.c4 g6 3.Nc3 Bg7 4.e4 d6 5.f3 O-O 6.Be3 e5 7.Nge2 c6 8.Qd2 Nbd7 9.d5
cxd5 10.cxd5 a6 11.O-O-O b5 12.b3 Nb6 13.Kb2 Bd7 14.g4 Qc7 15.Ng3 b4 16.Nb1 a5
17.g5 Nh5 18.Nxh5 gxh5 19.Rc1 Qa7 20.Kc2 Rfc8+ 21.Kd1 Rxc1+ 22.Qxc1 a4 23.Bd3
Rc8 24.Qd2 axb3 25.axb3 Qa5 26.Qe2 Na8 27.Ke1 Nc7 28.Kf2 Bb5 29.Rc1 Rf8 30.Nd2
Bxd3 31.Qxd3 Nb5 32.Rc6 Rb8 33.Qc4 Qa1 34.Rc8+ Rxc8 35.Qxc8+ Bf8 36.g6 Kg7
37.gxh7 {#r} 1-0

[Event "Ch Spain (team) (1 Div)"]
[Site "masterchessopen.com Cala Galdana (Spain)"]
[Round "4"]
[White "Comas Fabrego Lluis (ESP)"]
[Black "Movsziszian Karen (ARM)"]
[Result "1-0"]
[WhiteElo "2510"]
[BlackElo "2501"]

1.d4 Nf6 2.c4 g6 3.Nc3 Bg7 4.e4 d6 5.f3 O-O 6.Be3 e5 7.Nge2 c6 8.Qd2 Nbd7 9.d5
cxd5 10.cxd5 a6 11.g4 h5 12.g5 Nh7 13.Rg1 b5 14.Nc1 Nb6 15.b3 Bd7 16.a3 Qc7
17.N1a2 Nc8 18.Be2 Ne7 19.a4 f6 20.h4 fxg5 21.hxg5 Qb7 22.a5 Rf4 23.Nb4 Raf8
24.Nd3 R4f7 25.Rc1 h4 26.Na2 h3 27.Nab4 Rc8 28.Rh1 Qa8 29.Nf2 Rxc1+ 30.Qxc1
Qd8 31.Bb6 Qf8 32.Nxh3 Rxf3 33.Bxf3 Qxf3 34.Nf2 Qxb3 35.Nxa6 b4 36.Nc7 Qa2
37.Qd2 Qa3 38.Ke2 Nc8 39.Rd1 Qg3 40.Qe3 Bg4+ 41.Nxg4 Qxg4+ 42.Qf3 Qd7 43.Ne6
Nxb6 44.axb6 Qb5+ 45.Qd3 Qxb6 46.Rf1 Bf8 47.Qc4 Qa7 48.Rf2 {#r} 1-0

[Event "It (open)"]
[Site "masterchessopen.com Castellar (Spain)"]
[Round "9"]
[White "Campos Moreno Javier B (CHI)"]
[Black "Pablo Marin Alejandro (ESP)"]
[Result "1-0"]
[WhiteElo "2484"]
[BlackElo "2385"]

1.d4 Nf6 2.c4 g6 3.Nc3 Bg7 4.e4 d6 5.f3 O-O 6.Be3 e5 7.Nge2 c6 8.Qd2 Nbd7 9.d5
cxd5 10.cxd5 a6 11.g4 h5 12.g5 Nh7 13.Rg1 b5 14.Nc1 Nb6 15.b3 Bd7 16.a3 Qb8
17.N1a2 Nc8 18.Rc1 Ne7 19.Be2 f6 20.gxf6 Rxf6 21.Nb4 Qf8 22.Nd1 g5 23.Rc7 Qd8
24.Rb7 Qc8 25.Rb6 Ng6 26.Bxg5 Nxg5 27.Qxg5 Be8 28.Ne3 Qc3+ 29.Kf2 Qc7 30.Rc6
Qf7 31.Nf5 a5 32.Nc2 Bxc6 33.dxc6 Ra7 34.Nce3 Nf4 35.Qxg7+ Qxg7 36.Rxg7+ Rxg7
37.Nxg7 Kxg7 38.c7 Rf8 39.Nf5+ {#r} 1-0

[Event "It (open)"]
[Site "masterchessopen.com Presov (Slovakia)"]
[Round "7"]
[White "Lutsko Igor (BLR)"]
[Black "Helbich Jan Jr (SVK)"]
[Result "0-1"]
[WhiteElo "2386"]
[BlackElo "2195"]

1.d4 Nf6 2.c4 g6 3.Nc3 Bg7 4.e4 d6 5.f3 O-O 6.Be3 e5 7.Nge2 c6 8.Qd2 Nbd7 9.d5
cxd5 10.cxd5 a6 11.g4 h5 12.g5 Nh7 13.Rg1 f6 14.gxf6 Rxf6 15.O-O-O Qe8 16.Rg3
Kh8 17.Kb1 Nc5 18.h4 Bd7 19.b4 Na4 20.Rc1 Rc8 21.Nxa4 Bxa4 22.Nc3 Bd7 23.Be2
Rf4 24.Bxf4 exf4 25.Rgg1 Qe5 26.Kb2 Be8 27.Kb3 Bf6 28.b5 Bxh4 29.Na4 Rxc1
30.Rxc1 axb5 31.Nb2 Bf6 32.Rc8 Kg7 33.Rc7+ Kh6 34.Rxb7 Ng5 35.Nd3 Qd4 36.Qb4
Nxf3 37.Qxd4 Nxd4+ 38.Kb4 Nxe2 39.Rb8 Bd7 40.Rb7 Bg4 41.Kxb5 Bd4 42.a4 h4
43.Kc4 h3 44.Nxf4 Nxf4 45.Kxd4 h2 46.Rb1 Ne2+ {#R} 0-1

[Event "Ch Great Britain"]
[Site "masterchessopen.com Scarborough (England)"]
[Round "5"]
[White "Ward Christopher (ENG)"]
[Black "Thipsay Praveen M (IND)"]
[Result "1-0"]
[WhiteElo "2473"]
[BlackElo "2492"]

1.d4 Nf6 2.c4 g6 3.f3 Bg7 4.e4 O-O 5.Nc3 d6 6.Be3 e5 7.Nge2 c6 8.Qd2 Nbd7 9.d5
cxd5 10.cxd5 a6 11.g4 b5 12.Ng3 Nb6 13.h4 Rb8 14.h5 Re8 15.Qh2 Bxg4 16.hxg6
Bxf3 17.gxh7+ Kh8 18.Nf5 Ng4 19.Qg3 Bxh1 20.Nxg7 Kxg7 21.Qxg4+ Kh8 22.Be2 b4
23.Nd1 f5 24.Qh5 f4 25.Bf2 Rb7 26.Qxh1 Rxh7 27.Qf3 Nd7 28.Rc1 Nf6 29.Rc6 Qd7
30.Bf1 Ng4 31.Bh3 Rg8 32.Bxg4 Qxg4 33.Qxg4 Rxg4 34.Rxd6 f3 35.Rd8+ Kg7 36.Rd7+
Kg6 37.Rxh7 Rxe4+ 38.Be3 Kxh7 39.d6 Rh4 40.d7 {#r} 1-0